00427nam a2200157Ia 4500003000900000008004100009040001600050080001500066100002600081245002700107260000900134300001000143942000700153999001700160952009200177IN-BaIIA211028s9999 xx 000 0 eng d cIIA Library a531.5bSIN aSinha, T. A. K937416 0aGravitycT. A. K Sinha c2020 a292p. cBK c19566d19566 00104070aBANbBANcGENd2021-09-24l0o531.5/ SINp20488r2021-11-05w2021-09-24yBK